000 00789nam a2200301Ia 4500
003 OSt
005 20220912150237.0
006 a|||||r|||| 00| 0
007 ta
008 220909b |||||||| |||| 00| 0 eng d
020 _a8185618240 (pbk)
024 _a3798
037 _bShankar,
037 _cTextual
040 _aCSL
_beng
_cCSL
041 _aeng
082 _aB75:3, N3 TB
100 _aBatchelor G K
245 0 _aIntroduction to fluid dynamics
260 _aCambridge
_bCambridge University Press
_c1993
300 _axviii,615p
500 _aSubject index 609-615p
650 _a Dynamics
650 _a Fluid
650 _aMechanics
942 _hB75:3, N3 TB
_cTEXL
_2CC
999 _c42811
_d42811